The status of while root rot in rubber plantations in Nigeria (Record no. 71060)

MARC details
000 -LEADER
fixed length control field 00494nam a2200181Ia 4500
100 ## - MAIN ENTRY--AUTHOR NAME
Personal name Ogbebor N O
245 #4 - TITLE STATEMENT
Title The status of while root rot in rubber plantations in Nigeria
260 ## - PUBLICATION, DISTRIBUTION, ETC. (IMPRINT)
Name of publisher Journal of Plantation Crops
Year of publication 2014
300 ## - PHYSICAL DESCRIPTION
Number of Pages 142-144
650 ## - SUBJECT ADDED ENTRY--TOPICAL TERM
Topical Term Disease management
650 ## - SUBJECT ADDED ENTRY--TOPICAL TERM
Topical Term Hevea brasiliensis
650 ## - SUBJECT ADDED ENTRY--TOPICAL TERM
Topical Term Rigidoporus lignosus
700 ## - ADDED ENTRY--PERSONAL NAME
Personal name
700 ## - ADDED ENTRY--PERSONAL NAME
Personal name Omorusi V I
700 ## - ADDED ENTRY--PERSONAL NAME
Personal name Orumwense K
942 ## - ADDED ENTRY ELEMENTS (KOHA)
Koha item type Journals
700 ## - ADDED ENTRY--PERSONAL NAME
-- jie K
Holdings
Withdrawn status Lost status Damaged status Not for loan Home library Current library Date acquired Serial Enumeration / chronology Koha item type
      Journals RRII Library RRII Library 29/04/2014 Volume 42, Issue 1 Journals